000
00253nam a2200109 4500
008
160702b xxu||||| |||| 00| 0 eng d
100
_9
1864
_a
Vas, G
245
_a
Antonyms
260
_a
New Delhi
_b
Sterling
_c
1995
300
_a
Antonyms
942
_2
ddc
_c
BK
999
_c
1566
_d
1566